| 000 | 00702nam a22002053a 4500 | ||
|---|---|---|---|
| 005 | 20240925064938.0 | ||
| 008 | 011016s1999 es r 000 0 spa d | ||
| 020 | _a842771274X | ||
| 035 | _aUPN01000114350 | ||
| 049 | _aCG | ||
| 050 | 4 |
_aLB1065 _bB6.28 |
|
| 100 | 1 | _aBoujon, Christophe | |
| 245 | 1 | 0 |
_aAtención, aprendizaje y rendimiento escolar : _baportaciones de la psicología cognitiva y experimental / _cChristophe Boujon, Christophe Quaireau ; tr. Ma. José Martín López. |
| 260 |
_aMadrid : _bNarcea, _c1999 |
||
| 300 |
_a146, [2] p. : _bgráfs. |
||
| 650 | 4 |
_aAtención _98528 |
|
| 650 | 4 |
_aPsicología del aprendizaje _95221 |
|
| 700 | 1 |
_aQuaireau, Christophe, _ecoaut. |
|
| 905 | _aLibro | ||
| 999 |
_c88258 _d88258 |
||